00294nam a2200109Ia 4500008004100000040000800041082002400049100001900073245004300092260000900135264004000144231129s1990||||xx |||||||||||||| ||spa|| bspa a(i) 808.068543 E13c aEastman Maria 0aEl conejo viajero (cuentos para ninos) c1990 aImprenta Departamental de Antioquia